LEADER 00988nam a2200241 u 4500 001 000000009935 003 CaOOAMICUS 005 20070226105247.0 008 941111s1980 fr u000 u eng u 035 $a10247784 040 $aPUL$bita 100 0 $aGuillaume de Conches,$d1080-c. 1150.$0(OLS)http://pul/name/9794 245 10$aGlosae in Iuvenalem /$cEdited, with introduction and notes, by Bradford Wilson. 260 $aParis :$bJ. Vrin,$c1980. 300 $a206, [2] p. ;$c25 cm 490 1 $aTextes philosophiques du Moyen Age ;$v18 830 0$aTextes philosophiques du Moyen Age ;$v18.$0(OLS)http://pul/title/2107 850 $aPUL 852 $aPUL$W1$xSL Filosofia 1$y2$m97 A 18$j14094$nBK-PRI$b $qStampati$B14094$CPULBib$Z2$F14094 $HPUL92031 $81 900 $aGuglielmo di Conches,$d1080-c. 1150$99794 941 1 $a8 996 $6245$aGlosae in Iuvenalem$9(OLS)http://pul/title/14544 996 $6260$aParis :$bJ. Vrin$9(OLS)http://pul/publisher/48393 LEADER 01485nam a2200325 u 4500 001 000000075866 003 CaOOAMICUS 005 20070226123140.0 008 031023s1998 enkaf u000 u eng u 020 $a0198263805 035 $a10974038 040 $aPUL$bita 041 0 $aeng$aheb 245 00$aQumran cave 4.$nVI,$pPoetical and liturgical texts.$nPart 1 /$cby Esther Eshel ... [et al.] ; in consultation with James Vanderkam and Monica Brady. 260 $aOxford :$bClaredon,$c1998. 300 $a473 p., 32 p. di tav. :$bill. ;$c32 cm 490 1 $aDiscoveries in the Judaean desert ;$v11 504 $aComprende indicazioni bibliografiche. 630 04$aManoscritti del Mar Morto.$0(OLS)http://pul/subject/3175 650 4$aQumrân (comunità).$0(OLS)http://pul/subject/9646 700 1 $aEshel, Esther.$0(OLS)http://pul/name/50466 700 1 $aBrady, Monica.$0(OLS)http://pul/name/50467 700 1 $aVanderkam, James C.$0(OLS)http://pul/name/3101 830 0$aDiscoveries in the Judaean desert ;$v11.$0(OLS)http://pul/title/3069 850 $aPUL 852 $aPUL$W1$xSL Cons. Gen., Altre Classi 1$y1$m1393 F 11$j97533$nBK-PRI$b $qStampati$B97533$CPULBib$Z2$F97533 $H88983 $81 941 1 $a8 996 $6020$a0198263805$9(OLS)http://pul/number/99261 996 $6245$aQumran cave 4.$nVI,$pPoetical and liturgical texts.$nPart 1$9(OLS)http://pul/title/99517 996 $6260$aOxford :$bClaredon$9(OLS)http://pul/publisher/64501